|
|
|
|
| LEADER |
01473nam a2200301 a 4500 |
| 001 |
2995792 |
| 008 |
101229s1994 ilua b 000 0 eng d |
| 010 |
|
|
|a 93012077
|
| 020 |
|
|
|a 155623869X (recycled paper)
|
| 040 |
|
|
|a DLC
|c DLC
|d DLC
|d BD-DhAAL
|
| 082 |
0 |
0 |
|a 158.7
|2 20
|
| 100 |
1 |
|
|a Miskell, Vincent.
|
| 245 |
1 |
0 |
|a Overcoming anxiety at work /
|c Vincent Miskell and Jane R. Miskell.
|
| 260 |
|
|
|a Burr Ridge, Ill. :
|b Business One Irwin/Mirror Press,
|c c1994.
|
| 300 |
|
|
|a xvi, 107 p. :
|b ill. ;
|c 26 cm.
|
| 490 |
0 |
|
|a The Business skills express series
|
| 504 |
|
|
|a Includs bibliographical references (107).
|
| 541 |
|
|
|e 00007887
|
| 650 |
|
0 |
|a Job stress.
|
| 650 |
|
0 |
|a Anxiety.
|
| 650 |
|
0 |
|a Stress management.
|
| 700 |
1 |
|
|a Miskell, Jane R.
|
| 852 |
4 |
|
|a Ayesha Abed Library
|j General shelf
|
| 999 |
|
|
|c 10264
|d 10264
|
| 952 |
|
|
|0 0
|1 0
|2 ddc
|4 0
|6 158_700000000000000_MIS
|7 0
|9 13700
|a BRACUL
|b BRACUL
|c GEN
|d 2010-12-30
|l 2
|m 34
|o 158.7 MIS
|p 3010007887
|r 2024-01-21
|s 2023-10-09
|t 1
|w 2010-12-30
|y BK
|
| 952 |
|
|
|0 0
|1 0
|2 ddc
|4 0
|6 158_700000000000000_MIS
|7 0
|9 16518
|a BRACUL
|b BRACUL
|c GEN
|d 2011-05-19
|l 1
|o 158.7 MIS
|p 3010007888
|r 2022-07-28
|s 2022-06-25
|t 2
|w 2011-05-19
|y BK
|
| 952 |
|
|
|0 0
|1 0
|2 ddc
|4 0
|6 158_700000000000000_MIS
|7 0
|9 24200
|a SCL
|b SCL
|c GEN
|d 2001-09-13
|l 0
|o 158.7 MIS
|p 3020003364
|r 2014-04-26
|t 3
|w 2014-04-26
|y BK
|
| 952 |
|
|
|0 0
|1 0
|2 ddc
|4 0
|6 158_700000000000000_MIS
|7 0
|9 54442
|a SCL
|b SCL
|c GEN
|d 2015-06-20
|e Gift: The Asia Foundation
|l 0
|o 158.7 MIS
|p 3020003381
|r 2015-06-20
|t 4
|w 2015-06-20
|y BK
|